Opravné položky ako prostriedok zohľadnenia existujúcich rizík v činnosti účtovnej jednotky diplomová práca

Saved in:
Bibliographic Details
Main Author: Zavarská, Katarína
Corporate Author: Fakulta hospodárskej informatiky EU. Katedra účtovníctva a audítorstva
Other Authors: Szász, Marek
Format: Book
Language:Slovak
Published: Bratislava 2017
Tags: Add Tag
No Tags, Be the first to tag this record!

MARC

LEADER 00000nbm a2200000 4500
001 0232932
005 20180410104616.3
041 0 |a slo 
044 |a SK 
245 1 0 |a Opravné položky ako prostriedok zohľadnenia existujúcich rizík v činnosti účtovnej jednotky  |b diplomová práca  |c Katarína Zavarská ; školiteľ: Marek Szász 
264 1 |a Bratislava  |c 2017 
300 |a 71 s. 
100 1 |a Zavarská, Katarína 
700 1 |a Szász, Marek 
710 2 |a Fakulta hospodárskej informatiky EU. Katedra účtovníctva a audítorstva